Normal view MARC view

Entry Topical Term

Number of records used in: 1

001 - CONTROL NUMBER

  • control field: 39678

003 - CONTROL NUMBER IDENTIFIER

  • control field: OSt

005 - DATE AND TIME OF LATEST TRANSACTION

  • control field: 20230804124655.0

008 - FIXED-LENGTH DATA ELEMENTS

  • fixed length control field: 230804|| aca||aabn | a|a d

040 ## - CATALOGING SOURCE

  • Original cataloging agency: OSt
  • Transcribing agency: OSt

150 ## - HEADING--TOPICAL TERM

  • Topical term or geographic name entry element: Organizational image, Employee engagement, External image, Perceived organizational identify.

670 ## - SOURCE DATA FOUND

  • Source citation: Work cat.: (OSt): Lee, S. Hameduddin, T. and Lee, G.R. 39677, Organizational image and employee engagement: Exploring the inter-relationships between construed external image and perceived organizational identity

Powered by Koha